Agrarian reforms in developing rural economics characterized by interlinked credit and tenancy markets. (Record no. 113488)
[ view plain ]
| 000 -LEADER | |
|---|---|
| fixed length control field | 00412nam a2200133Ia 4500 |
| 008 - FIXED-LENGTH DATA ELEMENTS--GENERAL INFORMATION | |
| fixed length control field | 210210b1980 xxu||||| |||| 00| 0 eng d |
| 082 ## - DEWEY DECIMAL CLASSIFICATION NUMBER | |
| Classification number | 333.3 BRAA |
| 100 ## - MAIN ENTRY--PERSONAL NAME | |
| Personal name | BRAVERMAN (Avishay). |
| 245 ## - TITLE STATEMENT | |
| Title | Agrarian reforms in developing rural economics characterized by interlinked credit and tenancy markets. |
| 260 ## - PUBLICATION, DISTRIBUTION, ETC. | |
| Place of publication, distribution, etc. | Washington |
| Name of publisher, distributor, etc. | World bank |
| Date of publication, distribution, etc. | 1980 |
| 300 ## - PHYSICAL DESCRIPTION | |
| Extent | 33 |
| 690 ## - LOCAL SUBJECT ADDED ENTRY--TOPICAL TERM (OCLC, RLIN) | |
| Topical term or geographic name as entry element | Land Economics |
| 906 ## - LOCAL DATA ELEMENT F, LDF (RLIN) | |
| a | SG02333 |
| Withdrawn status | Lost status | Damaged status | Not for loan | Collection code | Home library | Current library | Shelving location | Date acquired | Cost, normal purchase price | Total Checkouts | Full call number | Barcode | Date last seen | Price effective from | Koha item type |
|---|---|---|---|---|---|---|---|---|---|---|---|---|---|---|---|
| St Aloysius Library | St Aloysius Library | 02/17/2021 | 0.00 | 333.3 BRAA | SG02333 | 02/17/2021 | 02/17/2021 | Special Grants |